Statistiques concernant Capitales contenant la lettre E

Cliquez ici pour prendre le quiz!

Statistiques générales

  • Ce quiz a été pris 435 fois
    (416 depuis la dernière actualisation)
  • Le résultat moyen est 65 sur 85

Statistiques - réponses

Afrique% Correct
Lisbonne
97%
Alger
96%
Londres
96%
Berlin
95%
Bucarest
94%
Budapest
94%
Andorre-la-Vieille
93%
Bruxelles
93%
Le Caire
93%
Rome
93%
Helsinki
92%
Berne
91%
Vienne
91%
Athènes
90%
Buenos Aires
90%
Pékin
90%
Amsterdam
89%
Mexico
89%
Luxembourg
88%
Prague
88%
Varsovie
88%
Zagreb
88%
Belgrade
87%
Kiev
87%
New Delhi
86%
Copenhague
85%
La Valette
85%
Montevideo
85%
Wellington
85%
Reykjavik
84%
Séoul
83%
Jérusalem
82%
Erevan
81%
Le Cap / Bloemfontein / Pretoria
81%
Téhéran
81%
Canberra
80%
Sarajevo
78%
La Havane
77%
Manille
77%
Addis-Abeba
76%
Beyrouth
76%
Georgetown
76%
Libreville
76%
Port-au-Prince
76%
Skopje
76%
Nicosie
75%
Vientiane
74%
Phnom Penh
73%
Saint-Domingue
72%
Tachkent
72%
Yaoundé
72%
Belmopan
71%
Tegucigalpa
71%
Brazzaville
70%
Freetown
70%
Malé
70%
San José
70%
São Tomé
70%
Harare
69%
Niamey
69%
Bichkek
68%
Guatemala
68%
Koweït
68%
Lomé
68%
Port Moresby
68%
Gaborone
66%
Mascate
65%
Port-d'Espagne
65%
Taipei
64%
Douchanbé
63%
Windhoek
63%
Bridgetown
62%
Maseru
62%
N'Djaména
62%
Roseau
62%
Saint-Georges
61%
Basseterre
60%
Mbabane
60%
Castries
59%
Gitega
59%
Yaren
59%
Bandar Seri Begawan
57%
Lilongwe
57%
Melekeok / Ngerulmud
51%
Sri Jayawardenapura Kotte
48%

Distribution des résultats

Percentile par nombre de réponses

% des personnes avec chaque résultat

Votre développement - résultats

Vous n’avez pas pris ce quiz depuis la dernière actualisation